000 01019cab a2200313 4500
001 ABS54599
008 090401t1996 xxu||||| |||| 00| 0 eng d
035 _a(Sirsi) u11282
041 _aeng
100 _aMartin, J.
245 4 _aThe practical uses of planning obligations
260 _c1996
350 _a0
490 _aEstates Gazette
_v(9607) 17 February 1996, 132-134(3)
520 _aConsiders the present state of the law relating to planning obligations and the legal test for materiality after the "Tesco" and "Crest Homes" decisions.
650 _aCROWN LAND
650 _aDISPLACEMENT ARRANGEMENTS
650 _aDOE CIRCULAR 16 91
650 _aPLANNING AGREEMENTS
650 _aPLANNING APPEALS
650 _aPLANNING OBLIGATIONS
650 _aRESTRICTIVE USE
650 _aTOWN AND COUNTRY PLANNING ACT 1990 S106
650 _aTOWN AND COUNTRY PLANNING ACT 1990 S299(A)
650 _aTRANSFER OF LAND
690 _aPLANNING LAW AND PRACTICE
942 _n0
948 _c04/03/1997
999 _c7179
_d7179